Estatísticas para Televisão

Clique aqui para jogar o quiz

Estatísticas Gerais

  • Esse quiz foi jogado 14 vezes
  • A pontuação média é 10 de 15

Estatísticas das Respostas

HintResposta% Correto
Originalmente que apresentava o Você na TV?Cristina Ferreira e Manuel Luís Goucha
83%
Quem apresenta o Preço Certo?Fernando Mendes
83%
Antes de ser ator que programa de televisão ganhou o João Mota?Casa dos Segredos
75%
Que série tem um cão polícia como protagonista?Inspetor Max
75%
Quem apresenta o Dois á 10?Maria Botelho Moniz e Cláudio Ramos
75%
Que atriz morreu recentemente com um aneurisma?Maria João Abreu
75%
O que significa a sigla TVI?Televisão Independente
75%
Quem apresenta a Casa Feliz?João Baião e Diana Chaves
67%
O que significa a sigla RTP?Rádio e Televisão de Portugal
67%
De que programa pertence a frase O que dizem os teus olhos?Alta Definição
58%
O que significa a sigla SIC?Sociedade Independente de Comunicação
58%
Quem apresenta Quem quer namorar com o agricultor?Andreia Rodrigues
50%
Quem apresenta o The Você?Catarina Furtado e Vasco Palmeirim
50%
Quem é o diretor geral?Daniel Oliveira
42%
Que ator está em coma induzido?Rogério Samora
33%

Distribuição das Pontuações

Percentil de Números Respondidos

Porcentagem de Pessoas com Cada Pontuação

Sua Pontuação Histórica

Você não jogou esse quiz